000
00293nam a2200157Ia 4500
100
_a
Tuinenga/Paul W
250
_a
3
942
_c
RB
654
_a
spice
245
_a
SPICE
260
_b
Prentice Hall
082
_a
621.3815
_b
TUI
300
_a
288
546
_a
ENGLISH
999
_c
19409
_d
19409